000 01141cgm a2200337 4500
001 E1191
008 090401t1992 xxu||||| |||| 00| 0 eng d
035 _a(Sirsi) u31324
041 _aeng
050 _a333.0023
100 _aWatts, Ted
245 _aReturning to work: retaining professionalism
260 _aLondon
_bRoyal Institution of Chartered Surveyors
_c1992
300 _a1 sound cassette (60 min.)
350 _a10.21
490 _aOwlion Audio Programme
520 _aThis programme is a practical guide for those who have been made redundant , those seeking to progress their careers and those who have chosen to return to positions as Chartered Surveyors.
650 _aAUDIO CASSETTES
650 _aEMPLOYMENT
650 _aREDUNDANCY
690 _aMANAGEMENT-BUSINESS MANAGEMENT-PROFESSIONAL PRACTICE
700 _aPrior, Doug
700 _aMoore, Charles
700 _aBennett-Coles, Gareth
700 _aMcDonagh, Noel
700 _aLewis, Clive
710 _aRoyal Institution of Chartered Surveyors
_94900
710 _aCollege of Estate Management
_9400
942 _n0
948 _c04/03/1997
999 _c85199
_d85199